Ve hře je obchod

Saved in:
Bibliographic Details
Main Author: Schwarz, Oldřich
Format: Book
Language:Czech
Published: Praha Horizont 1990
Edition:1. vyd.
Tags: Add Tag
No Tags, Be the first to tag this record!

MARC

LEADER 00000nam a2200000 4500
001 c033846
005 20221215120937.4
041 0 |a cze 
044 |a CZ 
245 1 0 |a Ve hře je obchod  |c Oldřich Schwarz 
250 |a 1. vyd. 
264 1 |a Praha  |b Horizont  |c 1990 
300 |a 236 s. 
100 1 |a Schwarz, Oldřich